000
00292nam a22001217a 4500
040
_c
333
082
_a
333 COL 1989 C090
100
_a
COLIN PRICE
245
_a
The theory and application of forest economics
260
_a
Phnom Penh
_b
COL
_c
1989
300
_a
402p.
_b
ill.
_c
29cm.
942
_c
EK
999
_c
11119
_d
11119